| 000 | 00693cam a22002413a 4500 | ||
|---|---|---|---|
| 001 | 14659 | ||
| 003 | PGUSA | ||
| 005 | 20140828083319.0 | ||
| 008 | 050110s2005||||xxu|||||s|||||000 1 eng d | ||
| 040 |
_aPGUSA _beng |
||
| 042 | _adc | ||
| 050 | 4 | _aPR | |
| 100 | 1 |
_aMoore, George, _d1852-1933 |
|
| 245 | 1 | 0 |
_aMuslin _h[electronic resource] / _cGeorge Moore |
| 260 |
_bProject Gutenberg, _c2005 |
||
| 500 | _a"Originally published under the title of 'A Drama in Muslin,' 1886." | ||
| 506 | _aPublic domain in the USA. | ||
| 516 | _aElectronic text | ||
| 653 | _aIreland -- Fiction | ||
| 830 | 0 |
_aProject Gutenberg _v14659 |
|
| 856 | 4 | 0 | _uhttp://www.gutenberg.org/ebooks/14659 |
| 942 | _cEB | ||
| 999 |
_c243914 _d243914 |
||